|
|
|
|
| LEADER |
01105nam a22003132a 4500 |
| 001 |
001247933 |
| 003 |
CZ BrMZK |
| 005 |
20140602144246.0 |
| 007 |
ta |
| 008 |
120911s1974 xr er|||||||||||pol d |
| 015 |
|
|
|a cnb000465103
|
| 035 |
|
|
|a (OCoLC)42113224
|
| 040 |
|
|
|a ABA001
|b cze
|d BOA001
|
| 080 |
|
|
|a 808.4(075.2)=84
|
| 100 |
1 |
|
|a Słowik, Gustaw
|4 aut
|
| 245 |
1 |
0 |
|a Mowa polska dla klasy 6 /
|c Opracowali: Gustaw Słowik, Anna Krzywoniowa ; Ilustracje: Alena Dostálová
|
| 250 |
|
|
|a 1. wydanie
|
| 260 |
|
|
|a Praha :
|b Státní pedagogické nakladatelství,
|c 1974
|
| 300 |
|
|
|a 169 s. :
|b fot. ;
|c 8°
|
| 490 |
1 |
|
|a Podreczniki dla dziewięcioletniej szkoły podstawowej
|
| 500 |
|
|
|a Vazba: ilustrátorka
|
| 500 |
|
|
|a 1500 výt.
|
| 700 |
1 |
|
|a Krzywoniowa, Anna
|7 xx0105496
|4 aut
|
| 700 |
1 |
|
|a Dostálová, Alena,
|d 1932-2011
|7 jk01022834
|4 ill
|
| 830 |
|
0 |
|a Podręczniki dla dziewięcioletniej szkoły podstawowej
|
| 910 |
|
|
|a BOA001
|b 2-0723.483
|
| 990 |
|
|
|a BK
|
| 991 |
|
|
|b 201209
|
| 996 |
7 |
|
|b 2619652521
|c 2-0723.483
|l Sklad H1
|r Sklad / do 24 hodin
|n 0
|h HS212
|w 001281950
|u 000010
|a 1
|e BOA001
|j MZK50
|s A
|